[Event "Sanya Hainan op-A"]
[Site "Sanya"]
[Date "2017.12.21"]
[Round "5"]
[White "Zhao, Chenxi"]
[Black "Chen, Fan"]
[Result "0-1"]
[WhiteElo "2251"]
[BlackElo "2377"]
[PlyCount "146"]
[EventDate "2017.12.17"]
[EventType "swiss"]
[EventRounds "9"]
[EventCountry "CHN"]
[SourceTitle "CBM 182 Extra"]
[Source "ChessBase"]
[SourceDate "2018.02.23"]
[SourceVersion "1"]
[SourceVersionDate "2018.02.23"]
[SourceQuality "1"]

1. e4 c5 2. Nf3 d6 3. d4 cxd4 4. Nxd4 Nf6 5. Nc3 a6 6. Be3 Ng4 7. Bc1 Nf6 8. Be3 e5 9. Nb3 Be6 10. Qd2 Nbd7 11. 0-0-0 Be7 12. h3 b5 13. Kb1 Nb6 14. f4 b4 15. Bxb6 Qxb6 16. Na4 Qc6 17. Qxb4 Qxe4 18. Qxe4 Nxe4 19. Re1 Ng3 20. Rg1 Nxf1 21. Rgxf1 f6 22. Nd4 Bf7 23. Nf5 g6 24. Nxe7 Kxe7 25. g4 g5 26. fxg5 fxg5 27. b3 Bg6 28. Kb2 Raf8 29. Nb6 Ke6 30. c4 Bd3 31. Rxf8 Rxf8 32. Nd5 a5 33. Kc3 Bg6 34. a3 Rf2 35. b4 Rc2+ 36. Kb3 a4+ 37. Kxa4 Rxc4 38. Nb6 Rc3 39. Ra1 Bc2+ 40. Kb5 e4 41. a4 e3 42. a5 e2 43. Re1 Bd3+ 44. Ka4 Rc2 45. a6 Ra2+ 46. Kb3 Rxa6 47. Na4 Ra8 48. Nb2 Bb5 49. Nc4 Bxc4+ 50. Kxc4 d5+ 51. Kb3 Rf8 52. Rxe2+ Kd6 53. Rc2 Rf1 54. Kc3 Rf3+ 55. Kd4 Rb3 56. Ra2 Rxb4+ 57. Kd3 Ke5 58. Rf2 Rf4 59. Re2+ Re4 60. Rf2 h6 61. Rf8 Ra4 62. Rf5+ Ke6 63. Ke3 Re4+ 64. Kf3 Kd6 65. h4 gxh4 66. Rh5 Re6 67. Rxh4 Kc5 68. Kf4 d4 69. Rh1 d3 70. Kf5 Rd6 71. Ke5 d2 72. Rd1 Rd8 73. Kf6 Rd4 0-1

[Event "Sanya Hainan op-A"]
[Site "Sanya"]
[Date "2017.12.20"]
[Round "4"]
[White "Chen, Fan"]
[Black "Xu, Xiangyu"]
[Result "0-1"]
[WhiteElo "2377"]
[BlackElo "2549"]
[PlyCount "98"]
[EventDate "2017.12.17"]
[EventType "swiss"]
[EventRounds "9"]
[EventCountry "CHN"]
[SourceTitle "CBM 182 Extra"]
[Source "ChessBase"]
[SourceDate "2018.02.23"]
[SourceVersion "1"]
[SourceVersionDate "2018.02.23"]
[SourceQuality "1"]

1. e4 e5 2. Nf3 Nc6 3. Bb5 Nge7 4. c3 g6 5. d4 exd4 6. cxd4 Bg7 7. 0-0 a6 8. Ba4 b5 9. Bb3 d6 10. Nc3 0-0 11. h3 Na5 12. Bg5 h6 13. Bxe7 Qxe7 14. Nd5 Qd8 15. Rc1 Bb7 16. Re1 Rc8 17. a4 c5 18. axb5 axb5 19. dxc5 dxc5 20. Ba2 c4 21. b3 Bxd5 22. exd5 cxb3 23. Rxc8 Qxc8 24. Bxb3 Rd8 25. Ba2 Nc4 26. Re4 Nd6 27. Re2 Qc3 28. Rc2 Qa3 29. Qc1 Qa4 30. Qb1 Qf4 31. Qc1 Qa4 32. Qb1 Ra8 33. Qb3 Qf4 34. Rc6 Bf8 35. g3 Qe4 36. Kg2 Nc4 37. Rxc4 bxc4 38. Qxc4 Qe8 39. Qc2 Bd6 40. Nd2 Qe1 41. Nc4 Bc5 42. d6 Bxf2 43. d7 Qg1+ 44. Kf3 Qxg3+ 45. Ke2 Qg2 46. Nd2 Rd8 47. Qd3 Bh4+ 48. Kd1 Qh1+ 49. Nf1 Qc6 0-1

[Event "Sanya Hainan op-A"]
[Site "Sanya"]
[Date "2017.12.19"]
[Round "3"]
[White "Xiao, Yiyi"]
[Black "Chen, Fan"]
[Result "0-1"]
[WhiteElo "2311"]
[BlackElo "2377"]
[PlyCount "80"]
[EventDate "2017.12.17"]
[EventType "swiss"]
[EventRounds "9"]
[EventCountry "CHN"]
[SourceTitle "CBM 182 Extra"]
[Source "ChessBase"]
[SourceDate "2018.02.23"]
[SourceVersion "1"]
[SourceVersionDate "2018.02.23"]
[SourceQuality "1"]

1. d4 d5 2. c4 c6 3. Nc3 Nf6 4. e3 a6 5. Nf3 Bf5 6. Bd3 Bxd3 7. Qxd3 e6 8. 0-0 Bb4 9. b3 0-0 10. Bb2 a5 11. Nd2 a4 12. bxa4 Nbd7 13. e4 Bxc3 14. Bxc3 dxe4 15. Nxe4 Nxe4 16. Qxe4 Rxa4 17. Qe2 Qc7 18. Bb2 Qb6 19. a3 Qa6 20. Rac1 Re8 21. Rc3 b5 22. d5 Rxc4 23. Rxc4 bxc4 24. Qg4 g6 25. dxe6 Rxe6 26. Qd4 Nf6 27. h3 Qb5 28. Bc3 Qd5 29. Qh4 Ne4 30. Ba1 c3 31. Qf4 Qd6 32. Qc1 Qd2 33. Qb1 Re8 34. Qb6 c5 35. Qc6 Kf8 36. f3 Qe3+ 37. Kh2 Nd2 38. Rg1 Nb3 39. Qd6+ Kg8 40. Qd1 c2 0-1

[Event "CHN-chB"]
[Site "Qinhuangdao"]
[Date "2017.07.18"]
[Round "6"]
[White "Pang, Tao"]
[Black "Chen, Fan"]
[Result "0-1"]
[WhiteElo "2147"]
[BlackElo "2367"]
[PlyCount "73"]
[EventDate "2017.07.16"]
[EventType "swiss"]
[EventRounds "11"]
[EventCountry "CHN"]
[SourceTitle "CBM 179 Extra"]
[Source "ChessBase"]
[SourceDate "2017.08.23"]
[SourceVersion "1"]
[SourceVersionDate "2017.08.23"]
[SourceQuality "1"]

1. c4 c6 2. d4 d5 3. Nc3 Nf6 4. Nf3 a6 5. c5 Nbd7 6. Bf4 Nh5 7. Bd2 Nhf6 8. Bf4 Nh5 9. Bd2 g6 10. e4 dxe4 11. Nxe4 Ndf6 12. Neg5 Bg7 13. Bc4 Nd5 14. Ne5 0-0 15. g4 Nhf6 16. Qe2 Ne8 17. Qe4 f5 18. gxf5 Bxf5 19. Qe2 Nd6 20. cxd6 exd6 21. Nd3 Re8 22. Be3 Bxd3 23. Bxd5+ cxd5 24. Qxd3 Qxg5 25. 0-0-0 Qh4 26. Kb1 Qe4 27. Ka1 Rac8 28. Qb3 b5 29. Rhg1 Rc4 30. Rge1 Qc2 31. Qxc2 Rxc2 32. Kb1 Rc7 33. Rc1 Rec8 34. Rxc7 Rxc7 35. Rc1 Rc4 36. b3 Rxc1+ 37. Kxc1 0-1

[Event "CHN-chTB"]
[Site "Qinhuangdao"]
[Date "2017.07.14"]
[Round "10.2"]
[White "Chen, Fan"]
[Black "Popov, Ivan1111"]
[Result "1/2-1/2"]
[WhiteElo "2367"]
[BlackElo "2608"]
[PlyCount "52"]
[EventDate "2017.07.10"]
[EventType "team-tourn"]
[EventRounds "11"]
[EventCountry "CHN"]
[SourceTitle "EXT 2018"]
[Source "ChessBase"]
[SourceDate "2017.10.13"]
[SourceVersion "1"]
[SourceVersionDate "2017.10.13"]
[SourceQuality "1"]
[WhiteTeam "Chengdu Beilei"]
[BlackTeam "Hangzhou Chess Assoc"]
[WhiteTeamCountry "CHN"]
[BlackTeamCountry "CHN"]

1. e4 c6 2. d4 d5 3. e5 Bf5 4. Nd2 e6 5. Nb3 Nd7 6. Nf3 Ne7 7. Be2 h6 8. Bd2 Qc7 9. Rc1 g5 10. 0-0 a5 11. a4 Bg7 12. Ne1 0-0 13. Nd3 f6 14. f4 fxe5 15. fxe5 b6 16. Nf2 c5 17. c3 Bh7 18. Na1 Nf5 19. Nc2 Nb8 20. Ne3 Nc6 21. Bb5 c4 22. b3 Na7 23. bxc4 Nxe3 24. Bxe3 dxc4 25. Ba6 Nc8 26. Bb5 Na7 1/2-1/2

[Event "Asian Continental op 16th"]
[Site "Chengdu"]
[Date "2017.05.20"]
[Round "9"]
[White "Li, Di"]
[Black "Chen, Fan"]
[Result "0-1"]
[WhiteElo "2488"]
[BlackElo "2326"]
[PlyCount "132"]
[EventDate "2017.05.12"]
[EventType "swiss"]
[EventRounds "9"]
[EventCountry "CHN"]
[SourceTitle "EXT 2018"]
[Source "ChessBase"]
[SourceDate "2017.10.13"]
[SourceVersion "1"]
[SourceVersionDate "2017.10.13"]
[SourceQuality "1"]

1. Nf3 d5 2. e3 Nf6 3. c4 c6 4. Nc3 a6 5. b3 Bg4 6. Be2 e6 7. h3 Bh5 8. g4 Bg6 9. d3 h6 10. Bb2 Nbd7 11. Rg1 Bd6 12. Qd2 Qe7 13. h4 0-0-0 14. g5 hxg5 15. hxg5 Ne8 16. cxd5 exd5 17. Na4 Kb8 18. a3 Bh5 19. Rh1 Qf8 20. b4 Bxf3 21. Bxf3 Rxh1+ 22. Bxh1 Qe7 23. g6 fxg6 24. Qc2 Nef6 25. 0-0-0 Rf8 26. Rg1 Rh8 27. Bf3 Rh3 28. Qe2 a5 29. Rxg6 axb4 30. Bg2 Rh8 31. axb4 Bxb4 32. Qf3 Bd6 33. Qf5 Rh5 34. Rg5 Rxg5 35. Qxg5 Ba3 36. Qf4+ Ka8 37. Kb1 Bxb2 38. Nxb2 Qe5 39. Qa4+ Kb8 40. Bh3 Qh2 41. Bxd7 Nxd7 42. Qg4 Kc7 43. f4 Qf2 44. Qe6 d4 45. exd4 Qxf4 46. d5 Qe5 47. Qxe5+ Nxe5 48. dxc6 Kxc6 49. Kc2 Kd5 50. Kc3 Nc6 51. Nd1 g6 52. Ne3+ Kc5 53. Nc2 g5 54. d4+ Kd6 55. Kc4 Ne7 56. Ne3 Nd5 57. Ng4 Nc7 58. Kb4 Kd5 59. Ka5 b5 60. Nf6+ Kc4 61. d5 Nxd5 62. Ne4 g4 63. Nd6+ Kc5 64. Nb7+ Kd4 65. Nd6 b4 66. Ka4 Ke5 0-1

[Event "Asian Continental op 16th"]
[Site "Chengdu"]
[Date "2017.05.16"]
[Round "5"]
[White "Atabayev, Yusup"]
[Black "Chen, Fan"]
[Result "1-0"]
[WhiteElo "2455"]
[BlackElo "2326"]
[PlyCount "111"]
[EventDate "2017.05.12"]
[EventType "swiss"]
[EventRounds "9"]
[EventCountry "CHN"]
[SourceTitle "CBM 178 Extra"]
[Source "ChessBase"]
[SourceDate "2017.06.22"]
[SourceVersion "1"]
[SourceVersionDate "2017.06.22"]
[SourceQuality "1"]

1. e4 c5 2. Nf3 d6 3. d4 cxd4 4. Nxd4 Nf6 5. Nc3 a6 6. Bg5 Nbd7 7. Bc4 Qb6 8. Bb3 e6 9. Qd2 Be7 10. 0-0-0 Nc5 11. Qe2 Qc7 12. f4 b5 13. e5 dxe5 14. fxe5 Nd5 15. Bxe7 Nxe7 16. Ne4 Nxe4 17. Qxe4 Qb7 18. Qg4 0-0 19. h4 Qb8 20. Rde1 Qb6 21. h5 Nf5 22. Rd1 Nh6 23. Qf4 Ra7 24. g4 Rd7 25. Rd2 a5 26. g5 Rxd4 27. Qxd4 Qxd4 28. Rxd4 Nf5 29. Rf4 a4 30. Bxa4 bxa4 31. Rxa4 Bb7 32. Rh3 h6 33. gxh6 Nxh6 34. Rb4 Bg2 35. Rg3 Bf1 36. a4 Ra8 37. Ra3 Nf5 38. a5 Ne7 39. Rf4 Be2 40. b4 Nd5 41. Re4 Ba6 42. Rg3 Kh7 43. Kb2 Kh6 44. Kb3 Rb8 45. c3 Ne7 46. Rf4 Nf5 47. Rg1 Kxh5 48. c4 g5 49. Rfg4 Kh6 50. Rxg5 Ne7 51. R5g4 Ng6 52. Ka4 Bb7 53. b5 Bf3 54. Rd4 Kg7 55. a6 Kf8 56. Rxg6 1-0

[Event "CHN-chB"]
[Site "Harbin"]
[Date "2016.07.21"]
[Round "9"]
[White "Pang, Tao"]
[Black "Chen, Fan"]
[Result "0-1"]
[WhiteElo "2127"]
[BlackElo "2323"]
[PlyCount "56"]
[EventDate "2016.07.17"]
[EventType "swiss"]
[EventRounds "11"]
[EventCountry "CHN"]
[SourceTitle "CBM 173 Extra"]
[Source "ChessBase"]
[SourceDate "2016.08.29"]
[SourceVersion "1"]
[SourceVersionDate "2016.08.29"]
[SourceQuality "1"]

1. c4 e6 2. Nf3 d5 3. d4 Nf6 4. e3 c5 5. cxd5 exd5 6. Nc3 c4 7. Ne5 Bd6 8. Be2 0-0 9. 0-0 Re8 10. f4 Bb4 11. Bd2 Bxc3 12. Bxc3 Ne4 13. Qc1 f6 14. Nf3 Nc6 15. b3 cxb3 16. axb3 Bg4 17. Bd3 Rc8 18. Bxe4 Rxe4 19. Qd2 Re8 20. h3 Bf5 21. b4 a6 22. Ra2 Qe7 23. Kf2 Na7 24. Ng1 Nb5 25. Ne2 Bg6 26. Re1 h5 27. Ba1 Nd6 28. Kf1 Nc4 0-1

[Event "CHN-chTB"]
[Site "Harbin"]
[Date "2016.07.13"]
[Round "5.1"]
[White "Shen, Chenyi"]
[Black "Chen, Fan"]
[Result "1/2-1/2"]
[WhiteElo "2130"]
[BlackElo "2323"]
[PlyCount "68"]
[EventDate "2016.07.11"]
[EventType "team-swiss"]
[EventRounds "11"]
[EventCountry "CHN"]
[SourceTitle "CBM 173 Extra"]
[Source "ChessBase"]
[SourceDate "2016.08.29"]
[SourceVersion "1"]
[SourceVersionDate "2016.08.29"]
[SourceQuality "1"]
[WhiteTeam "Hangzhou Chess Assoc"]
[BlackTeam "Sichuan Airlines"]
[WhiteTeamCountry "CHN"]
[BlackTeamCountry "CHN"]

1. e4 c5 2. Nf3 d6 3. Bb5+ Nd7 4. 0-0 a6 5. Bd3 Ngf6 6. c3 b5 7. Bc2 Bb7 8. Qe2 e6 9. a4 Be7 10. Re1 Bc6 11. d4 Rb8 12. Nbd2 Qc7 13. h3 e5 14. d5 Bb7 15. c4 b4 16. b3 h6 17. Nf1 Nh7 18. Ne3 Bg5 19. Rf1 Bxe3 20. Bxe3 g5 21. Nh2 Ndf6 22. Ng4 Nxg4 23. hxg4 Bc8 24. f3 Nf8 25. Kf2 Qe7 26. Rh1 Qf6 27. Ke1 Ng6 28. Kd2 Bd7 29. Qf2 Rc8 30. Rh2 Qg7 31. Rah1 f6 32. Qg3 Ne7 33. Bd1 Kd8 34. Rh3 Be8 1/2-1/2

[Event "CHN-chT"]
[Site "Beijing"]
[Date "2012.10.06"]
[Round "15"]
[White "Chen, Fan"]
[Black "Zhao, Zong Yuan"]
[Result "0-1"]
[WhiteElo "2375"]
[BlackElo "2556"]
[PlyCount "74"]
[EventDate "2012.04.28"]
[EventType "team-tourn"]
[EventRounds "22"]
[EventCountry "CHN"]
[SourceTitle "EXT 2013"]
[Source "ChessBase"]
[SourceDate "2012.11.22"]
[SourceVersion "1"]
[SourceVersionDate "2012.11.22"]
[SourceQuality "1"]
[WhiteTeam "Chengdu"]
[BlackTeam "Hebei"]
[WhiteTeamCountry "CHN"]
[BlackTeamCountry "CHN"]

1. e4 e5 2. Nf3 Nc6 3. Bb5 a6 4. Bxc6 dxc6 5. 0-0 Qf6 6. d3 c5 7. Nc3 Ne7 8. Be3 Nc6 9. Nd2 Be6 10. Nb3 b6 11. f4 exf4 12. Bxf4 Qd8 13. Qe1 Bd6 14. e5 Be7 15. Qg3 Rg8 16. Ne4 Nd4 17. Nxd4 Qxd4+ 18. Kh1 0-0-0 19. b3 h6 20. a4 a5 21. Rae1 Qd7 22. Nc3 g5 23. Bd2 h5 24. Ne4 h4 25. Qf3 Kb8 26. Nf6 Bxf6 27. Qxf6 h3 28. g3 Qc6+ 29. Re4 Bd5 30. Qxc6 Bxc6 31. Rfe1 Rd4 32. Bc3 Bxe4+ 33. dxe4 Rd7 34. Kg1 Rgd8 35. Kf2 Rd1 36. g4 Rxe1 37. Bxe1 c4 0-1